| 000 | 01236nam a2200313 i 4500 | ||
|---|---|---|---|
| 003 | DO-SdBNP | ||
| 005 | 20251105133815.0 | ||
| 007 | ta | ||
| 008 | 240403e1988 dr ac||| |||| 00| 0 spa d | ||
| 040 |
_aDO-SdBNP _bspa _cBNPHU _erda |
||
| 041 | 1 | 7 |
_aspa _heng |
| 082 | 4 |
_axxx _bC364o _222 |
|
| 100 | 1 |
_aCastillo, Efraím, _d1940- _eautor _4aut. _928022 |
|
| 245 | 1 | 0 |
_aOviedo 25 años : _btrascendencia visual de una historia / _cEfraím Castillo ; prólogo, Arnulfo Soto ; retratos, Ricardo Thoman |
| 246 | 1 | 0 |
_aOviedo veinticinco años : _btrascendencia visual de una historia |
| 264 | 1 |
_aSanto Domingo : _bAmigo del Hogar, _c1988. |
|
| 300 |
_a138 páginas : _bIlustraciones, retratos ; _c27 cm. |
||
| 336 |
_atexto _btxt _2rdacontent |
||
| 337 |
_asin mediación _bn _2rdamedia |
||
| 338 |
_avolumen _bnc _2rdacarrier |
||
| 500 | _aIncluye datos biográficos de los autores en la solapa de la contracubierta. | ||
| 500 | _aIncluye referencias bibliográficas y notas al pie de las páginas. | ||
| 546 | _aCon traducciones al inglés. | ||
| 590 | _aInventariado 2024 / MF | ||
| 600 | 1 | 4 |
_aOviedo, Ramón, _924678 _d1963- |
| 700 | 1 |
_aSoto, Arnulfo, _eprologuista _4pr. _964917 |
|
| 700 | 1 |
_aThoman, Ricardo, _985108 |
|
| 942 |
_2ddc _cLBS1 |
||
| 999 |
_c56222 _d56222 |
||